京滋大学野球連盟出身の現役選手(2026) - Statistics

General Stats
  • This quiz has been taken 10 times
  • The average score is 4 of 6
Answer Stats
大学名 現所属 ポジション 選手名 % Correct
佛教 中日 投手 大野雄大
80%
花園 楽天 投手 藤原聡大
80%
佛教 広島 投手 赤木晴哉
60%
京都先端科学 巨人 捕手 喜多隆介
50%
佛教 ソフトバンク 投手 木村光
40%
成美* オリックス 投手 阿部翔太
40%
No matching quizzes found
Score Distribution
Percent of People with Each Score
Percentile by Number Answered
Your Score History
You have not taken this quiz